| 000 | 01141nam a2200229Ia 4500 | ||
|---|---|---|---|
| 003 | OSt | ||
| 005 | 20250711150931.0 | ||
| 008 | 191128s2011 ck a br 000 f spa d | ||
| 020 | _a9879584533685 | ||
| 040 |
_aCO-JMCR _cCO-JMCR |
||
| 041 | _aspa | ||
| 082 | 1 | 4 |
_aN _bCASa2 |
| 100 | 1 |
_aCastilla, Julia Mercedes, _eautora _96540 |
|
| 245 | 1 | 0 |
_aAire viviente / _cJulia Mercedes Castilla ; ilustraciones Roger Ycaza |
| 260 |
_aBogotá : _bNorma, _c2011 |
||
| 300 |
_a126 páginas : _bilustraciones en blanco y negro ; _c20 cm. |
||
| 505 | _aLos quehaceres -- En las alturas -- Abajo en la tierra -- Vamos a casa -- La huida -- La aventura continúa -- Perdidos entre animales salvajes -- ¿Ahora qué? -- Trabajo duro -- Ajako -- Tiempo de aprender -- Abuela cruel -- Hombres blancos a caballo | ||
| 520 | _aUn día muy temprano, después de alimentar a los animales y ordeñar las vacas, Ramón y Elvia son arrastrados por un misterioso vendabal que se transforma en una hermosa mujer de largos cabellos: Aire viviente. | ||
| 650 | 1 | 4 |
_aNovela infantil colombiana _96541 |
| 700 |
_aYcaza, Roger, _eilustrador _9159 |
||
| 942 |
_2ddc _cBK |
||
| 999 |
_c4268 _d4268 |
||